000 01213nam a2200373 a 4500
001 data
005 20260322212116.0
008 data
035 _a1660292
906 _a7
_bcbc
_ccopycat
_d2
_encip
_f19
_gy-gencatlg
010 _a 97143374
020 _a0789415488 :
_c$4.95
020 _a9780789415486
035 _9(DLC) 97143374
035 _a(OCoLC)36704144
040 _aMoS
_cMoS
_dDLC
042 _alcac
_alcac
050 0 0 _aQH48
_b.N275 1997
082 0 0 _a508
_221
245 0 0 _aNature.
260 _aNew York, N.Y. :
_bSnapshot,
_cc1997.
300 _a1 v. (unpaged) :
_bcol. ill. ;
_c14 cm.
336 _atext
_btxt
_2rdacontent
337 _aunmediated
_bn
_2rdamedia
338 _avolume
_bnc
_2rdacarrier
500 _aCover title.
520 _aLabeled color photographs on board pages introduce first words and concepts about nature.
650 0 _aNature
_xJuvenile literature.
650 1 _aNature.
922 _aad
991 _bc-GenColl
_hQH48
_i.N275 1997
_p00038324937
_tCopy 1
_wBOOKS
999 _c1752
_d1752